|
|
|
|
| LEADER |
00000nab a2200000 ar4500 |
| 001 |
vtls011424473 |
| 003 |
SK-MaSNL |
| 005 |
20260303212947.0 |
| 008 |
151125c2015 xo sr|p|||||||000 b|slo |
| 038 |
|
|
|a PPPK
|
| 040 |
|
|
|a PPPKCL
|b slo
|c PPPKCL
|e AACR2
|
| 041 |
0 |
|
|a slo
|
| 044 |
|
|
|a xo
|c SK
|
| 080 |
|
|
|a 373.5/.6+377.1/.3
|2 2001
|
| 080 |
|
|
|a 274/279-1/-9
|2 2001
|
| 080 |
|
|
|a 371(091)
|2 2001
|
| 100 |
1 |
|
|a Stašáková, Stela
|4 aut
|9 1151912
|
| 245 |
1 |
0 |
|a Hotelová akadémia Otta Brucknera oslavuje-
|c Ing. Bc. Stela Stašáková, PhD.
|
| 610 |
2 |
7 |
|a Hotelová akadémia Otta Brucknera (Kežmarok, Slovensko)
|2 pppkcl
|9 32584
|
| 610 |
2 |
7 |
|a Meštianska evanjelická škola (Kežmarok, Slovensko)
|2 pppkcl
|9 1246284
|
| 610 |
2 |
7 |
|a Odborná škola pre ženské povolania (Kežmarok, Slovensko)
|2 pppkcl
|9 1246285
|
| 650 |
0 |
7 |
|a stredné školy
|2 pppkcl
|9 1279
|
| 650 |
0 |
7 |
|a evanjelické učenie
|2 pppkcl
|9 118035
|
| 650 |
0 |
7 |
|a dejiny školstva
|2 pppkcl
|9 71224
|
| 650 |
0 |
7 |
|a 120. výročie
|2 pppkcl
|9 1033876
|
| 650 |
0 |
7 |
|a 85. výročie
|2 pppkcl
|9 1032470
|
| 651 |
|
7 |
|a Kežmarok (Slovensko)
|2 pppkcl
|9 26808
|
| 773 |
0 |
|
|t Kežmarok
|g Roč. XXIII, č. 20 (2015), s. 5
|
| 852 |
|
|
|a PPPK
|b KIS3GCP
|
| 856 |
4 |
1 |
|u http://www.kezmarok.sk/obcan/clanky/noviny_kezmarok_archiv-134.htm
|
| 999 |
|
|
|c 2209932
|d 2211862
|